000 00601 a2200181 4500
003 Nust
005 20170207153210.0
040 _cNust
082 _a005.1
100 _aKeerio, Hayat (MSCS-10)
245 _aMultilingual messenger
_cHayat Keerio
260 _aRawalpindi
_bMCS, NUST
_c2005
300 _ax, 70, p.;
505 _aIntroduction (page-1)Urdu and sindhi text editor (page-11) Socket programming in visual basic (page-21) Implementation the software system (page-30) Conclusion and recomendations (page-49)
538 _aAlmirah No 73 Shelf No 1
650 _aPG Thesis
651 _aMSCS-10
942 _cTHS
999 _c181320
_d181320